| 000 | 00389 a2200169 4500 | ||
|---|---|---|---|
| 001 | 70896 | ||
| 020 | _a8533606362 | ||
| 040 | _cAnchieta - Itaigara | ||
| 100 | _aSadler, Michael | ||
| 240 | 1 | 0 |
_aHistória da música em quadrinhos _lpor |
| 245 | 1 | 0 | _aHistória da música em quadrinhos |
| 300 | _a144 | ||
| 362 | 0 | _a1997 | |
| 440 | 1 | _aMartins Fontes | |
| 650 | 4 | _aMusica | |
| 942 | _cBK | ||
| 999 |
_c70896 _d70896 |
||